[Event "HUN-chT2 Asztalos 1819"]
[Site "Hungary"]
[Date "2019.04.28"]
[Round "9.8"]
[White "Heinrich, Ferenc"]
[Black "Konyves, Almos"]
[Result "0-1"]
[WhiteElo "1920"]
[BlackElo "1927"]
[PlyCount "64"]
[EventDate "2018.10.28"]
[EventType "team-tourn"]
[EventRounds "9"]
[EventCountry "HUN"]
[SourceTitle "EXT 2021"]
[Source "ChessBase"]
[SourceDate "2020.10.23"]
[SourceVersion "1"]
[SourceVersionDate "2020.10.23"]
[SourceQuality "1"]
[WhiteTeam "Kaposvar Bastya"]
[BlackTeam "Baja Spartacus"]
[WhiteTeamCountry "HUN"]
[BlackTeamCountry "HUN"]

1. Nf3 d5 2. e3 Nf6 3. Be2 c5 4. 0-0 Nc6 5. d3 Bg4 6. Nc3 e6 7. h3 Bh5 8. Re1 a6 9. a4 Qc7 10. e4 Be7 11. exd5 exd5 12. Bg5 Rd8 13. Nh4 Bxe2 14. Qxe2 Nd4 15. Qd2 0-0 16. Bf4 Bd6 17. Bxd6 Qxd6 18. Ne2 Nxe2+ 19. Rxe2 Qd7 20. Qg5 h6 21. Qf5 Qc6 22. b3 Rfe8 23. Rae1 Rxe2 24. Rxe2 Re8 25. Re5 Re6 26. Rxe6 Qxe6 27. Qf4 Qe2 28. Qb8+ Kh7 29. Qxb7 Qxc2 30. Qxf7 Qc1+ 31. Kh2 Qf4+ 32. Kg1 Qxh4 0-1

[Event "HUN-chT2 Asztalos 1819"]
[Site "Hungary"]
[Date "2018.12.02"]
[Round "3.7"]
[White "Heinrich, Ferenc"]
[Black "Degi, Janos"]
[Result "1/2-1/2"]
[WhiteElo "1920"]
[BlackElo "1833"]
[PlyCount "89"]
[EventDate "2018.10.28"]
[EventType "team-tourn"]
[EventRounds "9"]
[EventCountry "HUN"]
[SourceTitle "CBM 189 Extra"]
[Source "ChessBase"]
[SourceDate "2019.06.03"]
[SourceVersion "1"]
[SourceVersionDate "2019.06.03"]
[SourceQuality "1"]
[WhiteTeam "Kaposvar Bastya"]
[BlackTeam "Marcali"]
[WhiteTeamCountry "HUN"]
[BlackTeamCountry "HUN"]

1. Nf3 d6 2. d4 Nf6 3. c4 c6 4. g3 Bg4 5. Bg2 Nbd7 6. Nc3 e5 7. h3 Bxf3 8. Bxf3 Qb6 9. e3 Qb4 10. Qb3 Qxb3 11. axb3 Kd8 12. Bd2 Kc7 13. 0-0 h5 14. Ra2 Nb8 15. Rfa1 a6 16. Na4 Nfd7 17. Ba5+ Kc8 18. Rc1 f5 19. dxe5 dxe5 20. c5 e4 21. Be2 Be7 22. Bc4 Rh6 23. Bf7 g5 24. Raa1 h4 25. Kh2 Bd8 26. Bc3 Bc7 27. Rd1 hxg3+ 28. fxg3 g4 29. Be1 Ne5 30. Bc4 Nbd7 31. Be2 Kd8 32. h4 Ke7 33. Kg2 Rg8 34. b4 Nf3 35. Bc4 Rgg6 36. Nc3 Nde5 37. b3 Nxe1+ 38. Rxe1 Nf3 39. Rh1 Rg7 40. Ne2 Ke8 41. Rad1 Rd7 42. Rxd7 Kxd7 43. Rd1+ Ke7 44. Nd4 Kf6 45. Ne6 1/2-1/2

[Event "HUN-chT2 Asztalos 1617"]
[Site "Hungary"]
[Date "2017.04.09"]
[Round "11.8"]
[White "Heinrich, Ferenc"]
[Black "Jaeger, Laszlo"]
[Result "1/2-1/2"]
[WhiteElo "1929"]
[BlackElo "1818"]
[PlyCount "22"]
[EventDate "2016.09.25"]
[EventType "team-tourn"]
[EventRounds "11"]
[EventCountry "HUN"]
[SourceTitle "EXT 2021"]
[Source "ChessBase"]
[SourceDate "2020.10.23"]
[SourceVersion "1"]
[SourceVersionDate "2020.10.23"]
[SourceQuality "1"]
[WhiteTeam "Kaposvar Bastya"]
[BlackTeam "Baja"]
[WhiteTeamCountry "HUN"]
[BlackTeamCountry "HUN"]

1. Nf3 d5 2. e3 g6 3. Be2 Bg7 4. 0-0 Nf6 5. d3 0-0 6. Nbd2 Bg4 7. h3 Bxf3 8. Bxf3 c6 9. Re1 e5 10. c4 dxc4 11. Nxc4 Nbd7 1/2-1/2

[Event "HUN-chT2 Asztalos 1617"]
[Site "Hungary"]
[Date "2016.11.13"]
[Round "4.7"]
[White "Kovacs, Tibor"]
[Black "Heinrich, Ferenc"]
[Result "1/2-1/2"]
[WhiteElo "1849"]
[BlackElo "1929"]
[PlyCount "49"]
[EventDate "2016.09.25"]
[EventType "team-tourn"]
[EventRounds "11"]
[EventCountry "HUN"]
[SourceTitle "EXT 2021"]
[Source "ChessBase"]
[SourceDate "2020.10.23"]
[SourceVersion "1"]
[SourceVersionDate "2020.10.23"]
[SourceQuality "1"]
[WhiteTeam "Pecs Karmin"]
[BlackTeam "Kaposvar Bastya"]
[WhiteTeamCountry "HUN"]
[BlackTeamCountry "HUN"]

1. e4 c5 2. Nc3 d6 3. d3 Nf6 4. Nf3 e6 5. g3 Be7 6. Bg2 0-0 7. 0-0 Nbd7 8. b3 a6 9. Bb2 Qc7 10. Re1 h6 11. a3 e5 12. Nh4 Re8 13. Nf5 Bf8 14. Qd2 Nb6 15. Ne3 g6 16. a4 Be6 17. Ne2 Nc8 18. f4 Ne7 19. Rf1 Bg7 20. f5 gxf5 21. Nxf5 Nxf5 22. exf5 Bd5 23. Nc3 Bxg2 24. Qxg2 Qc6 25. Rae1 1/2-1/2

[Event "HUN-chT2 Asztalos 1617"]
[Site "Hungary"]
[Date "2016.10.09"]
[Round "2.7"]
[White "Gyorgy, Gergely"]
[Black "Heinrich, Ferenc"]
[Result "0-1"]
[WhiteElo "1792"]
[BlackElo "1929"]
[PlyCount "84"]
[EventDate "2016.09.25"]
[EventType "team-tourn"]
[EventRounds "11"]
[EventCountry "HUN"]
[SourceTitle "EXT 2021"]
[Source "ChessBase"]
[SourceDate "2020.10.23"]
[SourceVersion "1"]
[SourceVersionDate "2020.10.23"]
[SourceQuality "1"]
[WhiteTeam "Komlo Banyasz II"]
[BlackTeam "Kaposvar Bastya"]
[WhiteTeamCountry "HUN"]
[BlackTeamCountry "HUN"]

1. e4 d6 2. d4 Nf6 3. Bd3 e6 4. c4 Be7 5. Ne2 0-0 6. Nbc3 Nbd7 7. 0-0 e5 8. b4 c5 9. bxc5 dxc5 10. d5 Ne8 11. f4 exf4 12. Bxf4 Bf6 13. Qe1 Ne5 14. Rd1 Nd6 15. Qg3 Re8 16. Bxe5 Bxe5 17. Qf2 b6 18. Nb5 Rf8 19. Kh1 a6 20. Nxd6 Qxd6 21. h3 Bd7 22. Rb1 Rab8 23. Nf4 b5 24. a3 f5 25. Qh4 fxe4 26. Bxe4 Rxf4 27. Rxf4 Bxf4 28. Bxh7+ Kh8 29. Bf5+ Bh6 30. Qg4 Bxf5 31. Qxf5 b4 32. Re1 Qg3 33. Rf1 bxa3 34. Rf3 Qe1+ 35. Kh2 Qe7 36. Rxa3 Qd6+ 37. Kg1 Rf8 38. Qd3 Rf4 39. Ra1 Qe5 40. Rxa6 Qd4+ 41. Qxd4 Rxd4 42. d6 Bf4 0-1

[Event "HUN-chT2 Asztalos 1314"]
[Site "Hungary"]
[Date "2014.03.23"]
[Round "7"]
[White "Heinrich, Ferenc"]
[Black "Kiraly, Mate"]
[Result "0-1"]
[WhiteElo "1970"]
[BlackElo "1821"]
[PlyCount "90"]
[EventDate "2013.09.08"]
[EventType "team-tourn"]
[EventRounds "9"]
[EventCountry "HUN"]
[SourceTitle "EXT 2016"]
[Source "ChessBase"]
[SourceDate "2015.10.08"]
[SourceVersion "1"]
[SourceVersionDate "2015.10.08"]
[SourceQuality "1"]
[WhiteTeam "Kaposvar Bastya"]
[BlackTeam "Marcali"]
[WhiteTeamCountry "HUN"]
[BlackTeamCountry "HUN"]

1. d4 Nf6 2. Nc3 g6 3. Bg5 Bg7 4. e3 d6 5. Bxf6 Bxf6 6. Ne4 Bg7 7. Bd3 Nc6 8. c3 e5 9. Bb5 Bd7 10. Bxc6 Bxc6 11. d5 Bd7 12. h4 f5 13. Ng5 h6 14. Ne6 Bxe6 15. dxe6 Qe7 16. Qb3 0-0-0 17. 0-0-0 Rhe8 18. Ne2 Qxe6 19. Rd5 c6 20. Ra5 Qxb3 21. axb3 a6 22. Kc2 d5 23. Raa1 d4 24. Rad1 dxe3 25. fxe3 Rxd1 26. Rxd1 Rd8 27. h5 Rxd1 28. Kxd1 g5 29. Ng3 f4 30. Nf5 Bf8 31. e4 Kd7 32. Ke2 g4 33. c4 Ke6 34. c5 a5 35. Kd3 Kf6 36. Kc4 Kg5 37. Nd6 f3 38. gxf3 g3 39. Nxb7 g2 40. Nxa5 g1Q 41. b4 Qf1+ 42. Kb3 Qxf3+ 43. Ka4 Qxe4 44. Nb7 Qc4 45. Ka3 Qa6+ 0-1

[Event "HUN-chT2 Asztalos 1112"]
[Site "Hungary"]
[Date "2012.05.06"]
[Round "10.5"]
[White "Heinrich, Ferenc"]
[Black "Nogradi, Gabor"]
[Result "1/2-1/2"]
[WhiteElo "1989"]
[BlackElo "1999"]
[PlyCount "38"]
[EventDate "2011.09.25"]
[EventType "team-tourn"]
[EventRounds "11"]
[EventCountry "HUN"]
[SourceTitle "EXT 2013"]
[Source "ChessBase"]
[SourceDate "2012.11.22"]
[SourceVersion "1"]
[SourceVersionDate "2012.11.22"]
[SourceQuality "1"]
[WhiteTeam "Kaposvar Bastya"]
[BlackTeam "Pecs Karmin"]
[WhiteTeamCountry "HUN"]
[BlackTeamCountry "HUN"]

1. d4 Nf6 2. c4 e6 3. Nf3 b6 4. Bg5 Bb7 5. e3 Be7 6. Be2 Ne4 7. Bxe7 Qxe7 8. 0-0 0-0 9. Nbd2 Nxd2 10. Qxd2 d6 11. h3 Nd7 12. Nh2 f5 13. Bf3 Bxf3 14. Nxf3 Nf6 15. Rfd1 Ne4 16. Qe1 Rf7 17. Nd2 Raf8 18. f3 Nxd2 19. Rxd2 g5 1/2-1/2

[Event "HUN-chT2 Asztalos 0910"]
[Site "Hungary"]
[Date "2009.11.22"]
[Round "2"]
[White "Heinrich, Ferenc"]
[Black "Szijarto, Attila"]
[Result "0-1"]
[WhiteElo "1987"]
[BlackElo "2054"]
[PlyCount "98"]
[EventDate "2009.11.08"]
[EventType "team-tourn"]
[EventRounds "11"]
[EventCountry "HUN"]
[SourceTitle "EXT 2011"]
[Source "ChessBase"]
[SourceDate "2010.11.26"]
[SourceVersion "1"]
[SourceVersionDate "2010.11.26"]
[SourceQuality "1"]
[WhiteTeam "Szenna Pack"]
[BlackTeam "Nagyatad"]
[WhiteTeamCountry "HUN"]
[BlackTeamCountry "HUN"]

1. e4 c5 2. Nf3 d6 3. d4 cxd4 4. Bc4 Nf6 5. 0-0 Nc6 6. Re1 e5 7. Ng5 Be6 8. Bxe6 fxe6 9. Nxe6 Qd7 10. Nxf8 Rxf8 11. c3 0-0-0 12. b4 Qf7 13. b5 Ne7 14. cxd4 Kb8 15. Be3 Nxe4 16. dxe5 b6 17. exd6 Rxd6 18. Qe2 Nd5 19. f3 Nxe3 20. Qxe3 Qf6 21. Na3 Nc5 22. Qe5 Qxe5 23. Rxe5 Rfd8 24. Nc4 Rd1+ 25. Re1 Rxa1 26. Rxa1 Na4 27. Kf2 Rd5 28. Re1 Nc3 29. Re8+ Kc7 30. Re7+ Rd7 31. Rxd7+ Kxd7 32. a4 Nxa4 33. Ne5+ Kd6 34. Nc6 Nc3 35. Nxa7 Kc5 36. f4 Nxb5 37. Nxb5 Kxb5 38. Ke3 Kc4 39. Kd2 Kd4 40. f5 Ke5 41. g4 h5 42. gxh5 Kxf5 43. Kc3 Kg5 44. Kb4 Kxh5 45. Kb5 Kh4 46. Kxb6 Kh3 47. Kc5 g5 48. Kd4 g4 49. Ke3 Kxh2 0-1

[Event "HUN-chT2 Asztalos 0607"]
[Site "Hungary"]
[Date "2007.04.29"]
[Round "9"]
[White "Percze, Gabor"]
[Black "Heinrich, Ferenc"]
[Result "0-1"]
[WhiteElo "2090"]
[BlackElo "2002"]
[PlyCount "60"]
[EventDate "2006.11.12"]
[EventType "team"]
[EventRounds "11"]
[EventCountry "HUN"]
[SourceTitle "EXT 2008"]
[Source "ChessBase"]
[SourceDate "2007.11.25"]
[SourceVersion "1"]
[SourceVersionDate "2007.11.25"]
[SourceQuality "1"]
[WhiteTeam "Nagyatad"]
[BlackTeam "Szenna Pack II"]
[WhiteTeamCountry "HUN"]
[BlackTeamCountry "HUN"]

1. e4 c5 2. Nf3 d6 3. d3 Nf6 4. g3 Nc6 5. c3 Bg4 6. Bg2 Qd7 7. Be3 e5 8. Nbd2 Be7 9. Qc2 Rc8 10. 0-0 h6 11. Ne1 Be2 12. f4 Bxf1 13. Nxf1 exf4 14. gxf4 0-0 15. Ng3 g6 16. Qd2 Ng4 17. f5 Nxe3 18. Qxe3 Bg5 19. Qe2 Rce8 20. Nf3 Bf4 21. Bh3 Qe7 22. Rf1 Ne5 23. Ne1 Qg5 24. Kh1 h5 25. Rg1 Kh8 26. fxg6 fxg6 27. Nf5 Ng4 28. Bxg4 hxg4 29. Rxg4 Qxf5 30. Qf2 Qxg4 0-1

[Event "HUN-chT2 Asztalos 0607"]
[Site "Hungary"]
[Date "2007.03.25"]
[Round "7"]
[White "Heinrich, Ferenc"]
[Black "Kovacs, Tibor"]
[Result "1-0"]
[WhiteElo "2002"]
[BlackElo "1978"]
[PlyCount "78"]
[EventDate "2006.11.12"]
[EventType "team"]
[EventRounds "11"]
[EventCountry "HUN"]
[SourceTitle "EXT 2008"]
[Source "ChessBase"]
[SourceDate "2007.11.25"]
[SourceVersion "1"]
[SourceVersionDate "2007.11.25"]
[SourceQuality "1"]
[WhiteTeam "Szenna Pack II"]
[BlackTeam "Pecs Karmin"]
[WhiteTeamCountry "HUN"]
[BlackTeamCountry "HUN"]

1. d4 Nf6 2. c4 g6 3. Nc3 Bg7 4. e4 d6 5. Nf3 0-0 6. Be2 Nbd7 7. 0-0 c5 8. Be3 Ng4 9. Bg5 Ngf6 10. Qd2 a6 11. Rfd1 Qc7 12. Rac1 b6 13. d5 Re8 14. h3 Nf8 15. Nh2 Bb7 16. a4 N6d7 17. Ng4 h5 18. Nh6+ Bxh6 19. Bxh6 Nh7 20. f4 Nhf6 21. f5 Kh7 22. g4 Ne5 23. gxh5 Nxh5 24. Bf4 Rg8 25. Bxh5 gxh5+ 26. Kf2 Nd7 27. Rg1 Nf6 28. Qe2 Rg7 29. e5 dxe5 30. Rxg7+ Kxg7 31. Bxe5 Qd7 32. Qxh5 Rg8 33. Rg1+ Kf8 34. Qh6+ Ke8 35. Rxg8+ Nxg8 36. Qh7 Kd8 37. Qxg8+ Qe8 38. Bc7+ Kd7 39. Qxe8+ Kxe8 1-0

[Event "HUN-chT2 Asztalos 0607"]
[Site "Hungary"]
[Date "2006.12.17"]
[Round "4"]
[White "Heinrich, Ferenc"]
[Black "Raba, Rudolf"]
[Result "1/2-1/2"]
[WhiteElo "2002"]
[BlackElo "1992"]
[PlyCount "158"]
[EventDate "2006.11.12"]
[EventType "team"]
[EventRounds "11"]
[EventCountry "HUN"]
[SourceTitle "EXT 2008"]
[Source "ChessBase"]
[SourceDate "2007.11.25"]
[SourceVersion "1"]
[SourceVersionDate "2007.11.25"]
[SourceQuality "1"]
[WhiteTeam "Szenna Pack II"]
[BlackTeam "Varga Mafry"]
[WhiteTeamCountry "HUN"]
[BlackTeamCountry "HUN"]

1. d4 d5 2. c4 e6 3. Nc3 c6 4. Nf3 f5 5. cxd5 exd5 6. Bg5 Be7 7. Qd2 Nf6 8. Ne5 0-0 9. Qc2 Na6 10. e3 Nc7 11. Bd3 Ne4 12. Bxe7 Qxe7 13. Rc1 Ne8 14. Ne2 N8d6 15. f3 Ng5 16. h4 Ngf7 17. f4 Ne4 18. a3 Nfd6 19. b4 a6 20. Rh3 Be6 21. Qb3 Rf6 22. Ng1 Nf7 23. Ngf3 Nxe5 24. Nxe5 Rh6 25. Nf3 Bd7 26. Be2 Nf6 27. Ne5 Be6 28. Bf3 Ng4 29. h5 Nxe5 30. dxe5 d4 31. Qd3 dxe3 32. Qxe3 Bf7 33. Be2 Qe8 34. Bc4 Bxc4 35. Rxc4 Rxh5 36. Rd4 Rxh3 37. Qxh3 Qf8 38. Qd3 Rc8 39. Rd7 b6 40. Qc4+ Kh8 41. Rf7 Qd8 42. e6 Qh4+ 43. Kf1 Rd8 44. Qd4 Qh1+ 45. Kf2 Qh4+ 46. Ke2 Qg4+ 47. Kf1 Re8 48. e7 Kg8 49. Qc4 Qd1+ 50. Kf2 Qd5 51. Qxd5 cxd5 52. Rxf5 Rxe7 53. Rxd5 Kf7 54. Rd6 Rb7 55. Kf3 Ke7 56. Rc6 Kd7 57. Rc1 Kd6 58. Rh1 h6 59. g4 Kc6 60. Rh5 Re7 61. Rf5 b5 62. Rc5+ Kb6 63. g5 hxg5 64. Rxg5 Rc7 65. Rg6+ Kb7 66. Re6 Rc3+ 67. Re3 Rxe3+ 68. Kxe3 Kc6 69. Ke4 Kd6 70. f5 Ke7 71. Kf4 Kf6 72. Ke4 Kg5 73. Ke5 Kg4 74. Ke4 Kg3 75. Ke3 Kg4 76. Ke4 Kg5 77. Ke5 Kg4 78. Ke4 Kg3 79. Ke3 Kg2 1/2-1/2